00616nam a22001931 4500001001300000003000400013005001700017008004100034010001700075025001900092043001200111050001900123110007100142245006400213260002300277300003100300504003100331650006000362sa 68005495 DLC20260227112509.0710915s1964 ii k b 00000 eng  asa 68005495  aPL480:I-E-9618 aa-ii---0 aHD6276.I4bA5310aIndia (Republic).bDirectorate General of Employment and Training.10aEmployment of matriculates;ba case study, New Delhi, 1963,1 a[New Delhi]c1964. aiii, 72 p.bforms.c23 cm. aBibliographical footnotes. 0aHigh school graduatesxEmploymentzIndiaxCase studies.